[Event "Kupreichik Memorial Open 2018"]
[Site "Minsk"]
[Date "2018.06.22"]
[Round "7"]
[White "Laptii, Nazar"]
[Black "Nomin-Erdene, Davaademberel"]
[Result "1-0"]
[WhiteElo "1915"]
[BlackElo "2312"]
[Annotator "NA"]
[PlyCount "115"]
[EventDate "2018.06.21"]
[EventCountry "BLR"]
[SourceTitle "playchess.com"]
[Source "ChessBase"]
[SourceQuality "1"]
[TimeControl "900+10"]

1. Nf3 {[%emt 0:00:00]} f5 {[%emt 0:00:05]} 2. g3 {[%emt 0:00:00]} Nf6 {[%emt 0:00:01]} 3. Bg2 {[%emt 0:00:00]} g6 {[%emt 0:00:02]} 4. O-O {[%emt 0:00:00]} Bg7 {[%emt 0:00:00]} 5. d3 {[%emt 0:00:02]} O-O {[%emt 0:00:11]} 6. Nbd2 {[%emt 0:00:14]} d6 {[%emt 0:00:13]} 7. e4 {[%emt 0:00:19]} Nc6 {[%emt 0:01:00]} 8. Re1 {[%emt 0:00:18]} e5 {[%emt 0:01:05]} 9. exf5 {[%emt 0:00:06]} Bxf5 {[%emt 0:00:25]} 10. Nc4 {[%emt 0:00:55]} Qd7 {[%emt 0:00:19]} 11. Ne3 {[%emt 0:01:13]} Bh3 {[%emt 0:00:05]} 12. c4 {[%emt 0:00:34]} Bxg2 {[%emt 0:01:34]} 13. Kxg2 {[%emt 0:00:04]} h6 {[%emt 0:00:41]} 14. Rb1 {[%emt 0:00:18]} Nd4 {[%emt 0:01:47]} 15. Nxd4 {[%emt 0:03:00]} exd4 {[%emt 0:00:01]} 16. Nc2 {[%emt 0:00:02]} c5 {[%emt 0:02:07]} 17. b4 {[%emt 0:01:38]} g5 {[%emt 0:01:37]} 18. h3 {[%emt 0:01:07]} Rf7 {[%emt 0:00:39]} 19. Rb2 {[%emt 0:01:06]} Raf8 {[%emt 0:00:05]} 20. bxc5 {[%emt 0:00:39]} Ne4 {[%emt 0:02:05]} 21. f4 {[%emt 0:00:20]} Nxg3 {[%emt 0:00:40]} 22. Kxg3 {[%emt 0:01:35]} gxf4+ {[%emt 0:00:01]} 23. Kf2 {[%emt 0:00:23]} f3 {[%emt 0:00:03]} 24. Rh1 {[%emt 0:00:22]} Re7 {[%emt 0:01:45]} 25. Ne1 {[%emt 0:02:27]} Re2+ {[%emt 0:00:04]} 26. Kf1 {[%emt 0:00:01]} Qe7 {[%emt 0:00:42]} 27. Rh2 {[%emt 0:02:05]} Qe6 {[%emt 0:02:06]} 28. Rc2 {[%emt 0:00:38]} dxc5 {[%emt 0:00:13]} 29. Rb2 {[%emt 0:00:11]} Be5 {[%emt 0:00:07]} 30. Nxf3 {[%emt 0:00:10]} Rxf3+ {[%emt 0:00:07]} 31. Kxe2 {[%emt 0:00:07]} Rf7 {[%emt 0:00:16]} 32. Qg1+ {[%emt 0:00:14]} Kh7 {[%emt 0:00:09]} 33. Kd1 {[%emt 0:00:05]} Bxh2 {[%emt 0:00:12]} 34. Rxh2 {[%emt 0:00:02]} Qa6 {[%emt 0:00:07]} 35. Rc2 {[%emt 0:00:22]} Qc6 {[%emt 0:00:11]} 36. Qg2 {[%emt 0:00:10]} Qa4 {[%emt 0:00:11]} 37. Bd2 {[%emt 0:00:08]} Rg7 {[%emt 0:00:05]} 38. Qf2 {[%emt 0:00:05]} Qa3 {[%emt 0:00:11]} 39. Qf5+ {[%emt 0:00:06]} Kh8 {[%emt 0:00:02]} 40. Be1 {[%emt 0:00:20]} Rg1 {[%emt 0:00:22]} 41. Qf8+ {[%emt 0:00:08]} Kh7 {[%emt 0:00:02]} 42. Qe7+ {[%emt 0:00:07]} Kh8 {[%emt 0:00:07]} 43. Qe5+ {[%emt 0:00:10]} Kh7 {[%emt 0:00:04]} 44. Qe4+ {[%emt 0:00:07]} Kh8 {[%emt 0:00:01]} 45. Re2 {[%emt 0:00:19]} Qa4+ {[%emt 0:00:05]} 46. Rc2 {[%emt 0:00:05]} Qa3 {[%emt 0:00:05]} 47. Qe5+ {[%emt 0:00:02]} Kh7 {[%emt 0:00:01]} 48. Qf5+ {[%emt 0:00:08]} Kh8 {[%emt 0:00:03]} 49. Qf3 {[%emt 0:00:14]} a6 {[%emt 0:01:02]} 50. Qe2 {[%emt 0:00:17]} Kh7 {[%emt 0:00:07]} 51. Rb2 {[%emt 0:00:09]} Qa4+ {[%emt 0:00:09]} 52. Kc1 {[%emt 0:00:06]} b5 {[%emt 0:00:13]} 53. Qf2 {[%emt 0:00:17]} Rh1 {[%emt 0:00:12]} 54. Qf7+ {[%emt 0:00:06]} Kh8 {[%emt 0:00:00]} 55. Qe8+ {[%emt 0:00:07]} Kg7 {[%emt 0:00:06]} 56. Rg2+ {[%emt 0:00:05]} Kf6 {[%emt 0:00:02]} 57. Rg6+ {[%emt 0:00:14]} Kf5 {[%emt 0:00:02]} 58. Qe4# {[%emt 0:00:04]} 1-0

[Event "Kupreichik Memorial Open 2018"]
[Site "Minsk"]
[Date "2018.06.22"]
[Round "7"]
[White "Zeliantsova, Kseniya"]
[Black "Korniichuk, Oleksandra"]
[Result "1-0"]
[WhiteElo "1844"]
[BlackElo "1740"]
[Annotator "NA"]
[PlyCount "117"]
[EventDate "2018.06.21"]
[EventCountry "BLR"]
[SourceTitle "playchess.com"]
[Source "ChessBase"]
[SourceQuality "1"]
[TimeControl "900+10"]

1. e4 {[%emt 0:00:00]} c5 {[%emt 0:00:06]} 2. Nf3 {[%emt 0:00:00]} e6 {[%emt 0:00:04]} 3. b3 {[%emt 0:00:00]} d5 {[%emt 0:00:24]} 4. exd5 {[%emt 0:00:01]} exd5 {[%emt 0:00:05]} 5. Bb2 {[%emt 0:00:10]} Be6 {[%emt 0:00:31]} 6. Bb5+ {[%emt 0:00:13]} Nd7 {[%emt 0:00:12]} 7. O-O {[%emt 0:00:32]} Ngf6 {[%emt 0:00:24]} 8. Ng5 {[%emt 0:00:37]} Be7 {[%emt 0:00:32]} 9. Nxe6 {[%emt 0:00:09]} fxe6 {[%emt 0:00:05]} 10. Qe2 {[%emt 0:00:11]} a6 {[%emt 0:01:43]} 11. Bd3 {[%emt 0:01:56]} Qb6 {[%emt 0:00:39]} 12. Re1 {[%emt 0:00:02]} c4 {[%emt 0:03:36]} 13. Bf5 {[%emt 0:00:10]} Nf8 {[%emt 0:02:19]} 14. Bxe6 {[%emt 0:00:33]} Nxe6 {[%emt 0:00:14]} 15. Qxe6 {[%emt 0:00:03]} Qxe6 {[%emt 0:00:06]} 16. Rxe6 {[%emt 0:00:02]} Kf7 {[%emt 0:00:24]} 17. Re1 {[%emt 0:00:04]} b5 {[%emt 0:00:15]} 18. Nc3 {[%emt 0:01:09]} Rhd8 {[%emt 0:00:15]} 19. Ne2 {[%emt 0:00:21]} Rac8 {[%emt 0:00:06]} 20. Nd4 {[%emt 0:00:08]} Bd6 {[%emt 0:00:56]} 21. Re2 {[%emt 0:01:25]} Rd7 {[%emt 0:00:37]} 22. Rae1 {[%emt 0:00:08]} Ne4 {[%emt 0:00:15]} 23. f3 {[%emt 0:03:21]} Nxd2 {[%emt 0:00:45]} 24. c3 {[%emt 0:01:25]} Bf4 {[%emt 0:00:53]} 25. Bc1 {[%emt 0:00:10]} cxb3 {[%emt 0:00:08]} 26. Bxd2 {[%emt 0:00:04]} Bxd2 {[%emt 0:00:02]} 27. Rxd2 {[%emt 0:00:02]} bxa2 {[%emt 0:00:12]} 28. Rxa2 {[%emt 0:00:01]} Rxc3 {[%emt 0:00:04]} 29. Rxa6 {[%emt 0:00:06]} Rb7 {[%emt 0:01:03]} 30. Rb1 {[%emt 0:01:04]} b4 {[%emt 0:00:07]} 31. Ra4 {[%emt 0:00:26]} Rc4 {[%emt 0:00:06]} 32. Nb3 {[%emt 0:00:45]} h6 {[%emt 0:01:35]} 33. Na5 {[%emt 0:00:15]} Ra7 {[%emt 0:00:11]} 34. Nxc4 {[%emt 0:00:07]} Rxa4 35. Nb6 {[%emt 0:00:04]} Ra5 {[%emt 0:00:19]} 36. Rxb4 {[%emt 0:00:21]} Ra1+ {[%emt 0:00:04]} 37. Kf2 {[%emt 0:00:01]} Ra2+ {[%emt 0:00:02]} 38. Kg3 {[%emt 0:00:01]} Rd2 {[%emt 0:00:08]} 39. Na4 {[%emt 0:02:14]} g5 {[%emt 0:00:55]} 40. Rb6 {[%emt 0:00:28]} h5 {[%emt 0:00:15]} 41. Nc5 {[%emt 0:01:17]} Rc2 {[%emt 0:00:26]} 42. Nd3 {[%emt 0:00:16]} Rd2 {[%emt 0:00:19]} 43. Nb4 {[%emt 0:00:35]} Rd1 {[%emt 0:00:17]} 44. Rd6 {[%emt 0:00:15]} d4 {[%emt 0:00:07]} 45. Nc6 {[%emt 0:00:05]} d3 {[%emt 0:00:11]} 46. Ne5+ {[%emt 0:00:02]} Ke7 {[%emt 0:00:04]} 47. Rxd3 {[%emt 0:00:02]} Re1 {[%emt 0:00:03]} 48. f4 {[%emt 0:00:18]} h4+ {[%emt 0:00:25]} 49. Kg4 {[%emt 0:00:08]} gxf4 {[%emt 0:00:02]} 50. Ng6+ {[%emt 0:00:06]} Kf6 {[%emt 0:00:02]} 51. Nxf4 {[%emt 0:00:06]} Re4 {[%emt 0:00:06]} 52. Rd6+ {[%emt 0:00:02]} Kf7 {[%emt 0:00:04]} 53. Kf5 {[%emt 0:00:05]} Ra4 {[%emt 0:00:04]} 54. Rd7+ {[%emt 0:00:05]} Ke8 {[%emt 0:00:03]} 55. Rh7 {[%emt 0:00:04]} Ra5+ {[%emt 0:00:03]} 56. Kf6 {[%emt 0:00:05]} h3 {[%emt 0:00:22]} 57. Ne6 {[%emt 0:00:13]} Rf5+ {[%emt 0:00:48]} 58. Kxf5 {[%emt 0:00:03]} hxg2 {[%emt 0:00:02]} 59. Ke4 1-0

[Event "Kupreichik Memorial Open 2018"]
[Site "Minsk"]
[Date "2018.06.22"]
[Round "7"]
[White "Stroganova, Karina"]
[Black "Kulneva, Darya"]
[Result "1-0"]
[WhiteElo "1776"]
[BlackElo "1390"]
[Annotator "NA"]
[PlyCount "77"]
[EventDate "2018.06.21"]
[EventCountry "BLR"]
[SourceTitle "playchess.com"]
[Source "ChessBase"]
[SourceQuality "1"]
[TimeControl "900+10"]

1. d4 {[%emt 0:00:00]} Nf6 {[%emt 0:00:01]} 2. Nf3 {[%emt 0:00:00]} g6 {[%emt 0:00:03]} 3. c4 {[%emt 0:00:12]} Bg7 {[%emt 0:00:03]} 4. g3 {[%emt 0:00:05]} d6 {[%emt 0:00:02]} 5. Bg2 {[%emt 0:00:08]} O-O {[%emt 0:00:04]} 6. O-O {[%emt 0:00:06]} Nbd7 {[%emt 0:00:01]} 7. Nc3 {[%emt 0:00:17]} e5 {[%emt 0:00:15]} 8. Qc2 {[%emt 0:02:05]} Qe7 {[%emt 0:00:35]} 9. Rd1 {[%emt 0:02:29]} a5 {[%emt 0:00:46]} 10. b3 {[%emt 0:01:13]} c6 {[%emt 0:01:38]} 11. Ba3 {[%emt 0:00:14]} c5 {[%emt 0:01:28]} 12. dxe5 {[%emt 0:00:53]} dxe5 {[%emt 0:00:48]} 13. Nb5 {[%emt 0:00:23]} Ne8 {[%emt 0:01:39]} 14. Rac1 {[%emt 0:01:12]} Ra6 {[%emt 0:01:22]} 15. e4 {[%emt 0:03:33]} Nb8 {[%emt 0:00:38]} 16. Rd5 {[%emt 0:00:26]} b6 {[%emt 0:01:39]} 17. Rcd1 {[%emt 0:00:51]} Bd7 {[%emt 0:01:49]} 18. Bb2 {[%emt 0:00:22]} f6 {[%emt 0:01:06]} 19. Qd2 {[%emt 0:01:11]} Bxb5 {[%emt 0:00:34]} 20. cxb5 {[%emt 0:00:04]} Ra7 {[%emt 0:00:23]} 21. a4 {[%emt 0:00:21]} Rb7 {[%emt 0:00:50]} 22. Bh3 {[%emt 0:00:06]} Rf7 {[%emt 0:00:32]} 23. Qd3 {[%emt 0:00:08]} Bf8 {[%emt 0:00:16]} 24. Qc4 {[%emt 0:00:10]} Kh8 {[%emt 0:00:15]} 25. Rd8 {[%emt 0:00:36]} Nc7 {[%emt 0:00:56]} 26. Bc8 {[%emt 0:01:07]} Ra7 {[%emt 0:00:16]} 27. Nxe5 {[%emt 0:00:49]} fxe5 {[%emt 0:00:49]} 28. Bxe5+ {[%emt 0:00:03]} Kg8 {[%emt 0:00:19]} 29. Bxc7 {[%emt 0:00:21]} Rxc7 {[%emt 0:00:28]} 30. Be6 {[%emt 0:00:05]} Rb7 {[%emt 0:00:14]} 31. Bxf7+ {[%emt 0:00:24]} Qxf7 {[%emt 0:00:02]} 32. Qc3 {[%emt 0:00:13]} h6 {[%emt 0:00:21]} 33. R1d3 {[%emt 0:00:01]} Kh7 {[%emt 0:00:02]} 34. Rf3 {[%emt 0:00:02]} Qe7 {[%emt 0:00:07]} 35. Rdxf8 {[%emt 0:00:06]} Qg7 {[%emt 0:00:09]} 36. Qc4 {[%emt 0:00:09]} Nd7 {[%emt 0:00:11]} 37. R8f7 {[%emt 0:00:04]} Qxf7 {[%emt 0:00:05]} 38. Rxf7+ {[%emt 0:00:07]} Kh8 {[%emt 0:00:03]} 39. Qd5 {[%emt 0:00:04]} 1-0

[Event "Kupreichik Memorial Open 2018"]
[Site "Minsk"]
[Date "2018.06.22"]
[Round "7"]
[White "Arlou, Valery"]
[Black "Drobyshevsky, Vasily"]
[Result "0-1"]
[WhiteElo "1743"]
[BlackElo "1551"]
[Annotator "NA"]
[PlyCount "89"]
[EventDate "2018.06.21"]
[EventCountry "BLR"]
[SourceTitle "playchess.com"]
[Source "ChessBase"]
[SourceQuality "1"]
[TimeControl "900+10"]

1. c4 {[%emt 0:00:00]} c5 {[%emt 0:00:01]} 2. Nc3 {[%emt 0:00:00]} Nc6 {[%emt 0:00:00]} 3. e4 {[%emt 0:00:01]} e6 {[%emt 0:00:03]} 4. g3 {[%emt 0:00:10]} Nf6 {[%emt 0:00:02]} 5. Bg2 {[%emt 0:00:03]} Be7 {[%emt 0:00:04]} 6. Nge2 {[%emt 0:00:03]} O-O {[%emt 0:00:35]} 7. O-O {[%emt 0:00:03]} d6 {[%emt 0:00:58]} 8. d4 {[%emt 0:01:08]} cxd4 {[%emt 0:00:07]} 9. Nxd4 {[%emt 0:00:02]} Nxd4 {[%emt 0:00:23]} 10. Qxd4 {[%emt 0:00:03]} e5 {[%emt 0:00:04]} 11. Qd3 {[%emt 0:00:22]} h6 {[%emt 0:00:09]} 12. b3 {[%emt 0:00:53]} a6 {[%emt 0:00:12]} 13. Rd1 {[%emt 0:01:34]} Qc7 {[%emt 0:01:14]} 14. Bb2 {[%emt 0:01:15]} Bd7 {[%emt 0:00:40]} 15. Rac1 {[%emt 0:00:20]} Rad8 {[%emt 0:01:33]} 16. b4 {[%emt 0:02:37]} Qb8 {[%emt 0:00:36]} 17. b5 {[%emt 0:00:35]} axb5 {[%emt 0:00:38]} 18. cxb5 {[%emt 0:00:02]} Be6 {[%emt 0:00:22]} 19. Nd5 {[%emt 0:00:33]} Nxd5 {[%emt 0:00:53]} 20. exd5 {[%emt 0:00:02]} Bd7 {[%emt 0:00:03]} 21. b6 {[%emt 0:00:12]} Rc8 {[%emt 0:00:06]} 22. h4 {[%emt 0:01:47]} Rxc1 {[%emt 0:00:05]} 23. Rxc1 Rc8 24. Rc4 {[%emt 0:01:33]} Rxc4 {[%emt 0:00:15]} 25. Qxc4 {[%emt 0:00:04]} Qc8 {[%emt 0:00:30]} 26. Qc7 {[%emt 0:00:35]} Bd8 {[%emt 0:00:34]} 27. Qxd6 {[%emt 0:00:13]} f6 {[%emt 0:00:15]} 28. Ba3 {[%emt 0:00:33]} Kf7 {[%emt 0:02:01]} 29. Bc5 {[%emt 0:00:38]} Bf5 {[%emt 0:01:07]} 30. h5 {[%emt 0:00:55]} Kg8 {[%emt 0:00:23]} 31. Kh2 {[%emt 0:00:18]} Kh7 {[%emt 0:00:07]} 32. f3 {[%emt 0:00:58]} Qa8 {[%emt 0:00:44]} 33. a3 {[%emt 0:00:35]} Qc8 {[%emt 0:00:33]} 34. Qf8 {[%emt 0:00:16]} Qd7 {[%emt 0:00:14]} 35. Qd6 {[%emt 0:00:09]} Qe8 {[%emt 0:00:05]} 36. g4 {[%emt 0:00:07]} Bc2 {[%emt 0:00:08]} 37. Bf1 {[%emt 0:00:45]} f5 {[%emt 0:00:19]} 38. Qf8 {[%emt 0:00:36]} Qd7 {[%emt 0:00:16]} 39. Qd6 {[%emt 0:00:26]} Qe8 {[%emt 0:00:02]} 40. Qe6 {[%emt 0:00:07]} Qa4 {[%emt 0:01:11]} 41. Qg6+ {[%emt 0:00:23]} Kh8 {[%emt 0:00:18]} 42. Qe8+ {[%emt 0:00:12]} Qxe8 {[%emt 0:00:02]} 43. d6 {[%emt 0:00:49]} fxg4 {[%emt 0:00:05]} 44. fxg4 {[%emt 0:00:02]} Qf7 {[%emt 0:00:10]} 45. Bg2 {time} 0-1

[Event "Kupreichik Memorial Open 2018"]
[Site "Minsk"]
[Date "2018.06.22"]
[Round "7"]
[White "Shvedau, Mikhail"]
[Black "Maslak, Alexander"]
[Result "0-1"]
[WhiteElo "1742"]
[BlackElo "2127"]
[Annotator "NA"]
[PlyCount "86"]
[EventDate "2018.06.21"]
[EventCountry "BLR"]
[SourceTitle "playchess.com"]
[Source "ChessBase"]
[SourceQuality "1"]
[TimeControl "900+10"]

1. d4 {[%emt 0:00:00]} Nf6 {[%emt 0:00:02]} 2. b3 {[%emt 0:00:00]} g6 {[%emt 0:00:27]} 3. Bb2 {[%emt 0:00:00]} Bg7 {[%emt 0:00:01]} 4. c4 {[%emt 0:00:02]} O-O {[%emt 0:00:11]} 5. Nd2 {[%emt 0:00:17]} d6 {[%emt 0:00:04]} 6. Qc2 {[%emt 0:00:07]} a5 {[%emt 0:01:00]} 7. g3 {[%emt 0:00:10]} Nbd7 {[%emt 0:00:15]} 8. Bg2 {[%emt 0:00:06]} e5 {[%emt 0:00:02]} 9. d5 {[%emt 0:00:17]} Nc5 {[%emt 0:00:10]} 10. e4 {[%emt 0:00:12]} Ne8 {[%emt 0:00:51]} 11. f4 {[%emt 0:00:50]} exf4 {[%emt 0:00:31]} 12. Bxg7 {[%emt 0:00:15]} Kxg7 {[%emt 0:00:54]} 13. Qc3+ {[%emt 0:00:25]} Qf6 {[%emt 0:00:03]} 14. Qxf6+ {[%emt 0:00:03]} Nxf6 {[%emt 0:00:07]} 15. gxf4 {[%emt 0:00:26]} Nd3+ {[%emt 0:02:08]} 16. Ke2 {[%emt 0:00:09]} Nxf4+ {[%emt 0:00:03]} 17. Kf3 {[%emt 0:00:02]} Nd3 {[%emt 0:01:47]} 18. Nh3 {[%emt 0:00:34]} Bg4+ {[%emt 0:01:50]} 19. Ke3 {[%emt 0:00:07]} Nc5 {[%emt 0:01:24]} 20. Nf2 {[%emt 0:00:09]} Rae8 {[%emt 0:00:25]} 21. Kd4 {[%emt 0:00:07]} Re7 {[%emt 0:00:36]} 22. a3 {[%emt 0:00:36]} Na6 {[%emt 0:00:54]} 23. h3 {[%emt 0:00:06]} Bc8 {[%emt 0:00:22]} 24. Kc3 {[%emt 0:00:10]} Nh5 {[%emt 0:00:21]} 25. Bf3 {[%emt 0:01:04]} Nf4 {[%emt 0:00:14]} 26. b4 {[%emt 0:00:09]} axb4+ {[%emt 0:00:02]} 27. axb4 {[%emt 0:00:03]} f5 {[%emt 0:00:04]} 28. Rae1 {[%emt 0:01:26]} fxe4 {[%emt 0:00:30]} 29. Nfxe4 {[%emt 0:00:02]} Nxh3 {[%emt 0:00:47]} 30. c5 {[%emt 0:00:23]} dxc5 {[%emt 0:00:36]} 31. bxc5 {[%emt 0:00:12]} Ref7 {[%emt 0:00:08]} 32. Re3 {[%emt 0:00:21]} Bf5 {[%emt 0:00:18]} 33. Ng3 {[%emt 0:01:29]} Ng5 {[%emt 0:00:56]} 34. d6 {[%emt 0:00:31]} Nxc5 {[%emt 0:00:30]} 35. Nxf5+ {[%emt 0:01:43]} gxf5 {[%emt 0:00:18]} 36. Bh5 {[%emt 0:00:22]} Nce4+ {[%emt 0:00:33]} 37. Nxe4 {[%emt 0:00:27]} Nxe4+ {[%emt 0:00:05]} 38. Kb4 {[%emt 0:00:01]} Rd7 {[%emt 0:00:18]} 39. Rg1+ {[%emt 0:00:10]} Kh8 {[%emt 0:00:21]} 40. dxc7 {[%emt 0:00:17]} Rxc7 {[%emt 0:00:01]} 41. Rh3 {[%emt 0:00:09]} Rf6 {[%emt 0:00:43]} 42. Rd3 {[%emt 0:00:24]} Rd6 {[%emt 0:00:11]} 43. Ra3 {[%emt 0:00:04]} Rb6+ {[%emt 0:00:06]} 0-1

[Event "Kupreichik Memorial Open 2018"]
[Site "Minsk"]
[Date "2018.06.22"]
[Round "7"]
[White "Bezenson, Anton"]
[Black "Tihonov, Jurij"]
[Result "0-1"]
[WhiteElo "1732"]
[BlackElo "2385"]
[Annotator "NA"]
[PlyCount "58"]
[EventDate "2018.06.21"]
[EventCountry "BLR"]
[SourceTitle "playchess.com"]
[Source "ChessBase"]
[SourceQuality "1"]
[TimeControl "900+10"]

1. Nf3 {[%emt 0:00:00]} c5 {[%emt 0:00:04]} 2. c4 {[%emt 0:00:00]} g6 {[%emt 0:00:03]} 3. Nc3 {[%emt 0:00:00]} Bg7 {[%emt 0:00:01]} 4. d4 {[%emt 0:00:00]} cxd4 {[%emt 0:00:01]} 5. Nxd4 {[%emt 0:00:00]} Nc6 {[%emt 0:00:01]} 6. Nc2 {[%emt 0:00:05]} d6 {[%emt 0:00:05]} 7. g3 {[%emt 0:00:04]} Be6 {[%emt 0:00:01]} 8. Nd5 {[%emt 0:00:26]} Nf6 {[%emt 0:00:04]} 9. Bg2 {[%emt 0:00:23]} O-O {[%emt 0:00:02]} 10. O-O {[%emt 0:00:09]} Ne5 {[%emt 0:00:05]} 11. Nce3 {[%emt 0:00:29]} Rc8 {[%emt 0:00:07]} 12. Qb3 {[%emt 0:00:10]} Bxd5 {[%emt 0:00:50]} 13. cxd5 {[%emt 0:00:15]} Qb6 {[%emt 0:00:09]} 14. Bd2 {[%emt 0:00:27]} Nfd7 {[%emt 0:00:04]} 15. Qxb6 {[%emt 0:01:11]} Nxb6 {[%emt 0:00:08]} 16. Bc3 {[%emt 0:02:12]} Nec4 {[%emt 0:00:12]} 17. Bxg7 {[%emt 0:00:53]} Kxg7 {[%emt 0:00:02]} 18. Nxc4 {[%emt 0:00:03]} Rxc4 {[%emt 0:00:04]} 19. b3 {[%emt 0:01:12]} Rc2 {[%emt 0:00:09]} 20. Rfc1 {[%emt 0:00:02]} Rfc8 {[%emt 0:00:02]} 21. Rxc2 {[%emt 0:00:12]} Rxc2 {[%emt 0:00:02]} 22. Kf1 {[%emt 0:00:05]} Kf6 {[%emt 0:00:10]} 23. Ke1 {[%emt 0:01:34]} a5 {[%emt 0:00:02]} 24. f4 {[%emt 0:01:02]} g5 {[%emt 0:00:06]} 25. Kd1 {[%emt 0:00:14]} Rb2 {[%emt 0:00:13]} 26. Bf3 {[%emt 0:00:33]} a4 {[%emt 0:00:02]} 27. Kc1 {[%emt 0:01:24]} a3 {[%emt 0:00:02]} 28. Kd1 {[%emt 0:02:08]} gxf4 {[%emt 0:00:05]} 29. gxf4 {[%emt 0:00:02]} Kf5 {[%emt 0:00:02]} 0-1

[Event "Kupreichik Memorial Open 2018"]
[Site "Minsk"]
[Date "2018.06.22"]
[Round "7"]
[White "Beliuga, Mikhail"]
[Black "Sarbay, Aleksandr"]
[Result "1-0"]
[WhiteElo "1699"]
[BlackElo "2183"]
[Annotator "NA"]
[PlyCount "115"]
[EventDate "2018.06.21"]
[EventCountry "BLR"]
[SourceTitle "playchess.com"]
[Source "ChessBase"]
[SourceQuality "1"]
[TimeControl "900+10"]

1. Nf3 {[%emt 0:00:00]} c5 {[%emt 0:00:06]} 2. c4 {[%emt 0:00:06]} Nf6 {[%emt 0:00:16]} 3. Nc3 {[%emt 0:00:23]} Nc6 {[%emt 0:00:01]} 4. g3 {[%emt 0:00:40]} g6 {[%emt 0:00:10]} 5. Bg2 {[%emt 0:00:01]} Bg7 {[%emt 0:00:01]} 6. O-O {[%emt 0:00:03]} O-O {[%emt 0:00:01]} 7. d3 {[%emt 0:00:29]} d6 {[%emt 0:00:39]} 8. a3 {[%emt 0:00:33]} Bd7 {[%emt 0:00:57]} 9. Rb1 {[%emt 0:00:37]} Qc8 {[%emt 0:00:37]} 10. b4 {[%emt 0:01:08]} cxb4 {[%emt 0:00:11]} 11. axb4 {[%emt 0:00:01]} Bh3 {[%emt 0:00:29]} 12. Bd2 {[%emt 0:01:48]} Bxg2 {[%emt 0:03:04]} 13. Kxg2 {[%emt 0:00:01]} Qf5 {[%emt 0:00:09]} 14. Qa4 {[%emt 0:01:08]} Ne5 {[%emt 0:01:39]} 15. Nd4 {[%emt 0:02:54]} Qh5 {[%emt 0:00:27]} 16. Ndb5 {[%emt 0:00:33]} a6 {[%emt 0:00:44]} 17. Nd4 {[%emt 0:03:25]} Qg4 {[%emt 0:03:03]} 18. Nc2 {[%emt 0:01:03]} h5 {[%emt 0:00:32]} 19. Ne3 {[%emt 0:02:52]} Qe6 {[%emt 0:00:02]} 20. b5 {[%emt 0:00:15]} h4 {[%emt 0:00:22]} 21. Qb4 {[%emt 0:00:18]} a5 {[%emt 0:00:58]} 22. Qb3 {[%emt 0:00:08]} h3+ {[%emt 0:00:20]} 23. Kg1 {[%emt 0:00:06]} Ned7 {[%emt 0:00:21]} 24. Rfe1 {[%emt 0:00:14]} Nc5 {[%emt 0:00:41]} 25. Qc2 {[%emt 0:00:01]} a4 {[%emt 0:00:41]} 26. Ncd5 {[%emt 0:00:02]} Nxd5 {[%emt 0:01:57]} 27. Nxd5 {[%emt 0:00:02]} Rad8 {[%emt 0:00:24]} 28. Bc3 {[%emt 0:00:05]} Bxc3 {[%emt 0:00:29]} 29. Nxc3 {[%emt 0:00:22]} b6 {[%emt 0:00:17]} 30. Ra1 {[%emt 0:00:18]} Nb3 {[%emt 0:00:04]} 31. Rxa4 {[%emt 0:00:05]} Nd4 {[%emt 0:00:03]} 32. Qd1 {[%emt 0:00:24]} Ra8 {[%emt 0:00:05]} 33. e3 {[%emt 0:00:03]} Nf5 {[%emt 0:00:20]} 34. Qa1 {[%emt 0:00:06]} Nh4 {[%emt 0:00:09]} 35. Rxa8 {[%emt 0:00:14]} Nf3+ {[%emt 0:00:07]} 36. Kh1 {[%emt 0:00:07]} Nxe1 {[%emt 0:00:05]} 37. Rxf8+ {[%emt 0:00:04]} Kxf8 {[%emt 0:00:01]} 38. Qxe1 {[%emt 0:00:02]} Qf6 {[%emt 0:00:02]} 39. Kg1 {[%emt 0:00:21]} g5 {[%emt 0:00:05]} 40. Ne4 {[%emt 0:00:12]} Qf3 {[%emt 0:00:05]} 41. Qf1 {[%emt 0:00:02]} g4 {[%emt 0:00:07]} 42. Ng5 {[%emt 0:00:25]} Qf5 {[%emt 0:00:06]} 43. f4 {[%emt 0:00:17]} d5 {[%emt 0:00:19]} 44. cxd5 {[%emt 0:00:09]} Qxd5 {[%emt 0:00:01]} 45. Nxh3 {[%emt 0:00:02]} gxh3 {[%emt 0:00:05]} 46. Qxh3 {[%emt 0:00:01]} e6 {[%emt 0:00:06]} 47. Qh8+ {[%emt 0:00:21]} Ke7 {[%emt 0:00:01]} 48. Qc3 {[%emt 0:00:14]} Qf3 {[%emt 0:00:08]} 49. Qd2 {[%emt 0:00:06]} f5 {[%emt 0:00:13]} 50. d4 {[%emt 0:00:11]} Qe4 {[%emt 0:00:05]} 51. Qe2 {[%emt 0:00:10]} Qd5 {[%emt 0:00:25]} 52. h4 {[%emt 0:00:09]} Kf6 {[%emt 0:00:05]} 53. h5 {[%emt 0:00:12]} Qe4 {[%emt 0:00:07]} 54. Kh2 {[%emt 0:00:11]} Kg7 {[%emt 0:00:13]} 55. g4 {[%emt 0:00:02]} fxg4 {[%emt 0:00:17]} 56. Qxg4+ {[%emt 0:00:02]} Kf8 {[%emt 0:00:03]} 57. Qe2 {[%emt 0:00:27]} Kg7 {[%emt 0:00:06]} 58. Qg2+ {[%emt 0:00:08]} 1-0

[Event "Kupreichik Memorial Open 2018"]
[Site "Minsk"]
[Date "2018.06.22"]
[Round "7"]
[White "Yurau, Maksim"]
[Black "Naumovich, Yaroslav"]
[Result "1/2-1/2"]
[WhiteElo "1694"]
[BlackElo "1959"]
[Annotator "NA"]
[PlyCount "78"]
[EventDate "2018.06.21"]
[EventCountry "BLR"]
[SourceTitle "playchess.com"]
[Source "ChessBase"]
[SourceQuality "1"]
[TimeControl "900+10"]

1. Nf3 {[%emt 0:00:00]} Nf6 {[%emt 0:00:00]} 2. d4 {[%emt 0:00:00]} d5 {[%emt 0:00:04]} 3. c4 {[%emt 0:00:00]} c6 {[%emt 0:00:01]} 4. Nc3 {[%emt 0:00:00]} e6 {[%emt 0:00:02]} 5. g3 {[%emt 0:00:12]} Bd6 {[%emt 0:00:01]} 6. Bg2 {[%emt 0:00:01]} O-O {[%emt 0:00:02]} 7. O-O {[%emt 0:01:23]} Nbd7 {[%emt 0:00:01]} 8. Qd3 {[%emt 0:00:25]} Re8 {[%emt 0:00:22]} 9. Rd1 {[%emt 0:00:48]} Qe7 {[%emt 0:00:52]} 10. e4 {[%emt 0:00:17]} dxe4 {[%emt 0:00:02]} 11. Nxe4 {[%emt 0:00:03]} Nxe4 {[%emt 0:00:01]} 12. Qxe4 {[%emt 0:00:03]} e5 {[%emt 0:00:50]} 13. Bg5 {[%emt 0:01:00]} f6 {[%emt 0:00:24]} 14. Be3 {[%emt 0:00:08]} exd4 {[%emt 0:00:56]} 15. Qxe7 {[%emt 0:00:35]} Bxe7 {[%emt 0:00:16]} 16. Bxd4 {[%emt 0:01:11]} Nf8 {[%emt 0:00:17]} 17. h3 {[%emt 0:02:46]} Be6 {[%emt 0:00:02]} 18. b3 {[%emt 0:00:02]} Bf7 {[%emt 0:00:01]} 19. Be3 {[%emt 0:01:03]} Bb4 {[%emt 0:00:15]} 20. Bd2 {[%emt 0:01:03]} Bxd2 {[%emt 0:01:21]} 21. Rxd2 {[%emt 0:00:03]} Rad8 {[%emt 0:00:01]} 22. Rad1 {[%emt 0:00:06]} Rxd2 {[%emt 0:00:02]} 23. Rxd2 {[%emt 0:00:02]} a5 {[%emt 0:00:39]} 24. Kf1 {[%emt 0:01:24]} a4 {[%emt 0:00:06]} 25. Re2 {[%emt 0:00:38]} Rd8 {[%emt 0:00:10]} 26. Ke1 {[%emt 0:01:06]} axb3 {[%emt 0:00:12]} 27. axb3 {[%emt 0:00:02]} Ne6 {[%emt 0:00:16]} 28. Rd2 {[%emt 0:00:15]} Re8 {[%emt 0:00:06]} 29. Kd1 {[%emt 0:00:45]} Ra8 {[%emt 0:00:16]} 30. Nd4 {[%emt 0:01:17]} Nc5 {[%emt 0:00:44]} 31. Kc2 {[%emt 0:01:50]} Bg6+ {[%emt 0:02:57]} 32. Kb2 {[%emt 0:00:32]} Re8 {[%emt 0:00:11]} 33. Nc2 {[%emt 0:00:49]} Kf8 {[%emt 0:01:46]} 34. Kc3 {[%emt 0:00:33]} Be4 {[%emt 0:00:20]} 35. Bf1 {[%emt 0:00:14]} Bg6 {[%emt 0:01:48]} 36. Bg2 {[%emt 0:00:06]} Be4 {[%emt 0:00:11]} 37. Bf1 {[%emt 0:00:01]} Bf5 {[%emt 0:00:01]} 38. Bg2 {[%emt 0:00:06]} Be4 {[%emt 0:02:26]} 39. Bf1 {[%emt 0:00:01]} Bf5 {[%emt 0:02:53]} 1/2-1/2